000 00558nam a22001817a 4500
003 UA-OsUOA
001 20059
007 ta
008 20041021b un ||||| |||| 00| 0 ukr d
100 _aТубіна С.
942 _cSA
040 _aUA-OsUOA
_cUA-OsUOA
_dUA-OsUOA
245 _aБез політичних спекуляцій
_b[16 сесія рівнен. обл. ради]
300 _aС.1
955 _a0
773 0 _w0
_tВісті Рівненщини
_dРівне
_d2004
_g№96/97/15 жовт./
650 7 _aКраєзнавча робота
_2UDC
999 _c306232
_d306232